Statistics for National Parks in Sydney

Click here to take the quiz!

General Stats

  • This quiz has been taken 79 times
  • The average score is 4 of 12

Answer Stats

National Parks% Correct
Royal National Park
86%
Ku-Ring-Gai Chase National Park
72%
Lane Cove National Park
68%
Sydney Harbour National Park
46%
Berowra Valley National Park
30%
Kamay Botany Bay National Park
26%
Garigal National Park
22%
Georges River National Park
20%
Heathcote National Park
19%
Cattai National Park
12%
Scheyville National Park
10%
Malabar Headland National Park
4%

Score Distribution

Percentile by Number Answered

Percent of People with Each Score

Your Score History

You have not taken this quiz